000 00424nam a2200181Ia 4500
001 17039
005 20260306170355.0
008 260306t2018||||xx |||||||||||||| ||und||
041 _aESP
082 _a657.42
_bW95
100 _aWu García, Juan Carlos
_eAUT
245 0 _aContabilidad de costos
260 _c2018
300 _a262 páginas :
_c25 cm.
650 _aGEN
654 _aCCO
942 _cLIB
_dJUS
_fJUS
_2ddc
_n
999 _c17039
_d17039